000 01917nam a2200385 a 4500
001 000017142
003 DO-SdBNP
005 20220714074418.0
008 100318s2006 dr ac fr 001 0 spa d
020 _a9993442542
040 _aDO-SdBNP
_bspa
_cBNPHU
082 _a633.61097293
_bM385s 2006
_222
100 1 _aMartínez, Héctor Luis,
_d1958-
245 1 0 _aSan Pedro de Macorís en el renacimiento de la industria azucarera dominicana, 1870-1930 /
_cHéctor Luis Martínez ; presentación Alejandro Arvelo.
260 _aSanto Domingo :
_bDirección Gereral de la Feria del Libro,
_c2006.
300 _a171 p. :
_bil., retrs. ;
_c22 cm.
490 0 _aEdiciones Ferilibro
_v93
500 _aIncluye datos biográficos del autor en la solapa de la cubierta
500 _aIncluye referencias bibliográficas y notas al pie de las páginas
504 _aBibliografía :p. 157-164
504 _aBibliografía: p. 157-163
505 0 _gPresentación /
_rAlejandro Arvelo --
_tIntroducción --
_tPrimeros ingenios en San Pedro de Macorís, 1876-1900 --
_tDe la bonanza azucarera a la crisis de los años veinte --
_tLa fuerza de trabajo en la industria azucarera de San Pedro de Macorís --
_tConclusiones --
_tAnexos --
_gImágenes de Macorís --
_gFuentes.
590 _aInventariado, 2022/VM
650 4 _aCaña de azúcar
_xCultivo
650 4 _aIndustria de la caña de azúcar
_xHistoria
_zRepública Dominicana
650 4 _aCentrales azucareras
650 4 _aAzúcar
_xComercio
_zRepública Dominicana
651 4 _aSan Pedro De Macorís (República Dominicana)
_xHistoria local
651 4 _aSan Pedro de Macorís (República Dominicana)
_xCondiciones económicas
700 1 _aArvelo, Alejandro
710 2 _aIngenio Consuelo (San Pedro de Macorís, República Dominicana)
710 2 _aDireccíon General de la Feria del Libro (República Dominicana)
910 _a VMateo V.
942 _2ddc
_cBK
999 _c14013
_d14013